| 000 | 004790000a22001570004500 | ||
|---|---|---|---|
| 090 |
_aAR _b03579 |
||
| 245 | 1 | 0 |
_aElinor Ostrom _sa career in institutional analysis |
| 500 | _a<Colección uso y valoración> | ||
| 650 | 1 | 4 |
_aBiografías _993046 |
| 650 | 1 | 4 |
_aEconomía Institucional _959091 |
| 650 | 1 | 4 |
_aRecursos de uso común _997243 |
| 041 | 0 | _aInglés | |
| 100 | 1 |
_aMcGinnis, Michael _996824 |
|
| 942 | _cARTICULO | ||
| 773 | 1 |
_tPolitical Science & Politics _h4 _q737-741 _d1996 _g29 |
|
| 999 |
_c12629 _d12629 |
||